LIBRARY & INFORMATION CENTRE, KCAET, TAVANUR

ONLINE PUBLIC ACCESS CATALOGUE (OPAC)

Food processing and quality control (Record no. 15574)

MARC details
000 -LEADER
fixed length control field 00371nam a22001457a 4500
003 - CONTROL NUMBER IDENTIFIER
control field OSt
008 - FIXED-LENGTH DATA ELEMENTS--GENERAL INFORMATION
fixed length control field 190516b ||||| |||| 00| 0 eng d
020 ## - INTERNATIONAL STANDARD BOOK NUMBER
ISBN 9789382471745
082 ## - DEWEY DECIMAL CLASSIFICATION NUMBER
Classification number 664.07
Item number GAN/FO
100 ## - MAIN ENTRY--AUTHOR NAME
Personal name Ganguly, Subha
245 ## - TITLE STATEMENT
Title Food processing and quality control
260 ## - PUBLICATION, DISTRIBUTION, ETC. (IMPRINT)
Place of publication Delhi
Name of publisher Narendra Publishing House
Year of publication 2014
300 ## - PHYSICAL DESCRIPTION
Number of Pages 105 p.
942 ## - ADDED ENTRY ELEMENTS (KOHA)
Koha item type Books
Holdings
Withdrawn status Lost status Damaged status Collection code Home library Current library Shelving location Date acquired Cost, normal purchase price Full call number Accession Number Koha item type
      Non-fiction KAUAET KAUAET General Stacks 16/05/2019 995.00 664.07 GAN/FO 25806 Books
free website counter